Gestión de créditos y cobro. (Record no. 71724)

MARC details
000 -LEADER
campo de control de longitud fija 00456nam a2200157 i 4500
001 - NÚMERO DE CONTROL
campo de control 71724
003 - IDENTIFICADOR DE NÚMERO DE CONTROL
campo de control ES-MaACL
007 - CAMPO FIJO DE DESCRIPCIÓN FÍSICA--INFORMACIÓN GENERAL
campo de control de longitud fija t|
008 - DATOS DE LONGITUD FIJA--INFORMACIÓN GENERAL
campo de control de longitud fija 040817q19401949sp ||||1| spa d
245 00 - MENCIÓN DEL TÍTULO
Título Gestión de créditos y cobro.
250 ## - MENCION DE EDICION
Mención de edición 1ª ed.
260 ## - PUBLICACIÓN, DISTRIBUCIÓN, ETC.
Lugar de publicación, distribución, etc. Madrid :
Nombre del editor, distribuidor, etc. Escuelas Internacionales,
Fecha de publicación, distribución, etc. [194-?] (
Fabricante Benzal)
300 ## - DESCRIPCIÓN FÍSICA
Extensión 74 p. ;
Dimensiones 22 cm.
500 ## - NOTA GENERAL
Nota general Texto especialmente preparado para Cátedra a distancia.
852 ## - LOCALIZACIÓN
Ubicación ES-MaACL
Número de control de estantería E-3574
Sublocalización o colección R.34798
Holdings
Estatus retirado Estado de pérdida Estado de daño No para préstamo Biblioteca de origen Biblioteca actual Ubicación en estantería Fecha de adquisición Fuente de adquisición Total de préstamos Signatura topográfica completa Código de barras Visto por última vez Precio de reemplazo Tipo de ítem Koha
        Biblioteca del Ateneo de Madrid Biblioteca del Ateneo de Madrid Depósito 2 17/01/2008     E-3574 1075089 23/02/2023 23/02/2023 Libro impreso